• 首页
  • 本馆介绍
  • 公告通知
  • 最新文献
  • 馆藏检索
  • 电子资源
  • 读者导购
  • 参考咨询
  • 我的图书馆
  • 登录
  • 详细信息显示
  • 放入我的书架
  • 预约/预借图书
  • 作者相关作品
  • 分类相关作品
  • 丛书相关作品
  • 出版社相关作品

书目信息

  • 表格格式
  • 工作单格式
  • 卡片格式
题名:
宋代蜀人著作存佚录
    
 
作者: 许肇鼎 著
分册:  
出版信息: 成都   巴蜀书社  1986
页数: 607页
开本: 19cm
丛书名:
单 册:
中图分类: Z839.2
科图分类:
主题词: 目录--类型
电子资源:
ISBN:
000 00551nam0 2200205 45
001 0405121735
005 20040512173729.3
010    @dCNY2.65
091    @a17329.1
100    @a20040512d1986 km y0chiy0120 ea
101 0  @achi
105    @a z 000yy
200 1  @a宋代蜀人著作存佚录@ASong Dai Shu Ren Zhu Zuo Cun Yi Lu@f许肇鼎著@FXu Zhao Ding Zhu
210    @a成都@c巴蜀书社@d1986
215    @a607页@d19cm
606 0  @a目录@x类型
690    @aZ839.2@v3
701  0 @a许肇鼎@4著
801    @aCN@bTSTCL@c20040512
905    @f4@b256643-646@dZ839.2@e22
    
    宋代蜀人著作存佚录/许肇鼎著.-成都:巴蜀书社,1986
    607页;19cm
    
    
    ISBN :CNY2.65
    
●
相关链接 在E读中查询图书 在五车中查询图书 在当当中查询图书 在豆瓣中查询图书


正题名:宋代蜀人著作存佚录     索取号:Z839.2/22         预约/预借

序号 登录号 条形码 馆藏地/架位号 状态 备注
1 0256643   001557345   第三借阅区/ [索取号:Z839.2/22] 在馆    
2 0256644   001557354   第三借阅区/ [索取号:Z839.2/22] 在馆    
3 0256645   001557363   第三借阅区/ [索取号:Z839.2/22] 在馆    
4 0256646   001557336   第三借阅区/ [索取号:Z839.2/22] 在馆    
5 0256647   001557407   第二样本阅览室/ [索取号:Z839.2/22] 在馆    
唐山师范学院图书馆 欢迎您!
大连网信软件有限公司© 版权所有